000
00471nam a2200169Ia 4500
008
110201s9999 xx 000 0 und d
082
_b
B3072
_a
P 33
100
_a
पंडित राम
245
_a
ऋतुरंग
260
_b
कालचक्र प्रकाशन
365
_b
6
600
_a
पंडित राम
630
_a
ऋतुरंग
700
_a
पंडित राम
730
_a
ऋतुरंग
942
_c
BOOK
999
_c
829814
_d
829811